Derecho de los robots

Uloženo v:
Podrobná bibliografie
Hlavní autor: Barrio Andrés, Moisés (Autor)
Médium: Kniha
Jazyk:španělština
Vydáno: Madrid Wolters Kluwer 2018
Vydání:1a. ed
Edice:Temas
Témata:
Tagy: Přidat tag
Žádné tagy, Buďte první, kdo vytvoří štítek k tomuto záznamu!

MARC

LEADER 00000cam a2200000 a 4500
001 UCC8258
003 CL-VaPUC
005 20210612001353.0
008 190617e20180000sp |||||||||||||||||spa|d
020 |a 9788490206898 
040 |c Pontificia Universidad Católica de Valparaíso 
082 0 4 |a 345.02  |b BAR  |2 21 
100 0 |a Barrio Andrés, Moisés  |e author  |9 602914 
245 1 0 |a Derecho de los robots 
250 |a 1a. ed 
260 |a Madrid  |b Wolters Kluwer  |c 2018 
300 |a 267 p 
490 0 |a Temas 
583 |a last modification  |c 20190617 11:18:00  |k Rodrigo Vera 
650 7 |a DERECHO PENAL  |2 CL-VaPUC  |9 11 
650 0 |a Robótica   |9 263360 
650 7 |a INTELIGENCIA ARTIFICIAL  |2 CL-VaPUC  |9 602915 
650 0 |a Responsabilidad extracontractual  |9 336742 
942 |c BK  |2 ddc 
945 |d 20190617 11:18:00  |a dcastane 
999 |c 374618  |d 374616 
952 |0 0  |1 0  |3 erb  |4 0  |6 345_020000000000000_BAR_2018  |7 0  |8 A  |9 493240  |a BIBDER  |b BIBDER  |i 5551749  |l 1  |o 345.02 BAR 2018  |p 5551749  |r 2023-10-26  |s 2023-10-20  |w 2019-11-24  |y BK  |z Catalogado en:20190617  |k DER